Krysalis
| Main Author: | |
|---|---|
| Format: | Book |
| Published: |
New York :
Harper & Row ,
1990
|
| Subjects: |
MARC
| LEADER | 00000cam a2200000 7i4500 | ||
|---|---|---|---|
| 001 | 0000000474 | ||
| 002 | 000000556 | ||
| 005 | 20000330.0 | ||
| 020 | |a 0060163909 | ||
| 090 | 0 | 0 | |a F |b TRE |
| 100 | 1 | |a Trenhaile, John | |
| 245 | 1 | 0 | |a Krysalis |c John Trenhaile |
| 260 | |a New York : |b Harper & Row , |c 1990 | ||
| 300 | |a 404p ; |c 24cm. | ||
| 650 | 0 | 0 | |a Thriller fiction |
| 999 | |a 029795 |b BUKU |c PINJAMAN |e PERPUSTAKAAN KOMUNITI PETALING JAYA | ||